[Event "Paris Blitz op"]
[Site "Paris"]
[Date "2023.03.05"]
[Round "3"]
[White "Charron, Thomas"]
[Black "Harsha, Bharathakoti"]
[Result "0-1"]
[WhiteElo "2001"]
[BlackElo "2608"]
[PlyCount "140"]
[EventDate "2023.03.05"]
[EventType "swiss (blitz)"]
[EventRounds "11"]
[EventCountry "FRA"]
[SourceTitle "CBM 213 Extra"]
[Source "ChessBase"]
[SourceDate "2023.05.31"]
[SourceVersion "1"]
[SourceVersionDate "2023.05.31"]
[SourceQuality "1"]

1. e4 g6 2. g3 Bg7 3. Bg2 c5 4. Ne2 Nc6 5. 0-0 d6 6. c3 e5 7. d3 Nge7 8. f4 0-0 9. Be3 b6 10. f5 gxf5 11. exf5 f6 12. g4 d5 13. d4 Qd6 14. Ng3 Ba6 15. Re1 Rfe8 16. Nh5 Rad8 17. dxc5 bxc5 18. Nd2 Bh8 19. Qa4 Bc8 20. Rad1 Bd7 21. Ne4 Qc7 22. Nexf6+ Kf7 23. Nxe8 Rxe8 24. Bxd5+ Nxd5 25. Rxd5 e4 26. Red1 Bc8 27. Rxc5 Bb7 28. Qc4+ Kf8 29. Rcd5 Qf7 30. Bc5+ Kg8 31. Qe2 Ne5 32. Rxe5 Bxe5 33. a4 Bc7 34. Bd4 Be5 35. Bc5 h6 36. Be3 Kh7 37. Qd2 Rg8 38. Qe2 Qxh5 39. Rd7+ Kh8 40. Rxb7 Rxg4+ 41. Kf1 Qxf5+ 42. Ke1 Rg6 43. Qc4 Rg7 44. Rxg7 Bxg7 45. Bxa7 Qf4 46. Qf1 Qc1+ 47. Ke2 Qxb2+ 48. Ke3 Qxc3+ 49. Kxe4 Qc6+ 50. Ke3 Qxa4 51. Bc5 Qb3+ 52. Ke4 Qe6+ 53. Kf3 Qd5+ 54. Kg3 Qxc5 55. Qd3 Qe5+ 56. Kg2 Qg5+ 57. Kf3 Be5 58. Qd5 Qf4+ 59. Ke2 Qxh2+ 60. Kd3 Qg3+ 61. Kc2 Qf2+ 62. Kd3 Qf5+ 63. Ke2 h5 64. Qd8+ Kg7 65. Qe7+ Kh6 66. Qc5 h4 67. Qe7 h3 68. Qh4+ Kg6 69. Ke1 h2 70. Ke2 Qh5+ 0-1

[Event "Montigny le Bretonneux op 21st"]
[Site "Montigny le Bretonneux"]
[Date "2017.05.27"]
[Round "5"]
[White "Charron, Thomas"]
[Black "Delpech, Olivier"]
[Result "1/2-1/2"]
[WhiteElo "1550"]
[BlackElo "1660"]
[PlyCount "81"]
[EventDate "2017.05.25"]
[EventType "swiss"]
[EventRounds "9"]
[EventCountry "FRA"]
[SourceTitle "EXT 2020"]
[Source "ChessBase"]
[SourceDate "2019.10.17"]
[SourceVersion "1"]
[SourceVersionDate "2019.10.17"]
[SourceQuality "1"]

1. e4 c5 2. Nf3 Nc6 3. d4 cxd4 4. Nxd4 a6 5. Nc3 e6 6. Be3 Bb4 7. Qd2 Nf6 8. f3 0-0 9. a3 Be7 10. Bc4 Ne5 11. Bb3 b5 12. Qe2 Bb7 13. 0-0 Rc8 14. f4 Nc4 15. e5 Nd5 16. Bxc4 bxc4 17. Nxd5 Bxd5 18. Qg4 Qc7 19. Nf3 d6 20. Bd4 Be4 21. exd6 e5 22. dxc7 exd4 23. Rae1 Bxf3 24. Rxf3 Rxc7 25. f5 Bc5 26. Kh1 f6 27. Rh3 Rb8 28. Qh5 h6 29. Qg6 Kh8 30. Re8+ Rxe8 31. Qxe8+ Kh7 32. Qe6 Re7 33. Qxe7 Bxe7 34. Kg1 Bd6 35. Kf2 a5 36. Rh4 Be5 37. Kf3 a4 38. Re4 h5 39. Rxe5 fxe5 40. Ke4 Kh6 41. h4 1/2-1/2